Be all you can be : a challenge to stretch your god-given potential /

Bibliographic Details
Main Author: Maxwell, John C., 1947-
Format: Book
Published: Singapore: IMprint Edition, 2008.
Subjects:
LEADER 00705cam a2200217 7i4500
001 0000062912
005 20151104090000.0
005 ##20151104185200.0
003 ##MY-KlINT
020 # # |a 9788179927885  
039 # 9 |y 201511041852  |z VLOAD 
090 0 0 |a 248.4 MAX  
100 1 # |a Maxwell, John C., 1947- 
245 1 0 |a Be all you can be :   |b a challenge to stretch your god-given potential /   |c John C. Maxwell.. 
260 # # |a Singapore:   |b IMprint Edition,   |c 2008. 
300 # # |a 180p;   |c 18cm. 
650 # 0 |a Success --   |x Religious aspects --   |x Christianity  
996 |a ikwas2010.out 
997 |a 3000014155  |b IKWS  |c MNF  |d BOK 
998 |a 0000009921 
999 |a 3000014155  |b BOOK  |c Main Non-Fiction  |e INTAN Kampus Wilayah Selatan